000 00546nam a2200157 4500
999 _c16830
_d16830
008 220411b ||||| |||| 00| 0 eng d
022 _a0117-3308
082 _aDPer 004.1105 C73 Sept 2010 - April 2011 v. 20 n. 3-9
100 _aTuazon, John Mark V.
_945004
245 _aBPO leverages web 2.0 traits in business process/
_cJohn Mark V. Tuazon.
260 _aPhilippines:
_bSchneider Electric,
_c2010-2011.
300 _aV20 n3, page 5;
_b
_c27 cm.
500 _aComputer world.
650 _aWeb sites
_xDevelopment.
_945006
942 _2ddc
_cPER